[Event "Cto de Aragon  Equipos Cat Preferente"]
[Site "Aragon"]
[Date "2010.03.06"]
[Round "7.45"]
[White "Antonano Fernandez Avelino"]
[Black "Martinez Asensio Juan Miguel"]
[Result "1/2-1/2"]
[WhiteElo "2137"]
[BlackElo "2140"]

1.Nf3 g6 2.e4 c5 3.d4 cxd4 4.Nxd4 Nc6 5.c4 Nf6 6.Nc3 d6 7.Be2 Nxd4 8.Qxd4 Bg7
9.O-O O-O 10.Bg5 Be6 11.Qd2 Qa5 12.Rac1 Rfc8 13.b3 a6 14.Rfd1 b5 15.Bxf6 Bxf6
16.Nd5 Qxd2 17.Nxf6+ Kg7 18.Nh5+ gxh5 19.Rxd2 bxc4 20.Bxc4 Bxc4 21.bxc4 Rc5
22.f3 Rac8 23.Rd4 Ra5 24.Rc2 Ra4 25.Kf2 Rc5 26.Kg3 Kf6 27.Rd5 Rca5 28.c5 Rxc5
29.Rdxc5 dxc5 30.Rxc5 h4+ 31.Kxh4 Rxa2 32.Kg3 a5 33.h4 a4 34.Rh5 Kg6 35.Rg5+
Kh6 36.Kf4 a3 37.Ra5 Kg6 38.g4 Ra1 39.h5+ Kh6 40.Ra6+ e6 41.Ra7 Kg7 42.Ra5 a2
43.e5 h6 44.Ra7 Kf8 45.Ra8+ Ke7 46.Ra7+ Kd8 47.Ra8+ Kd7 48.Ra7+ Kc6 49.Ra3 Kd5
50.Ra4 Kc5 51.Ra5+ Kb6 52.Ra3 Kb5 53.Ra8 Kb4 54.Rb8+ Kc3 55.Rc8+ Kd2 56.Rd8+
Ke2 57.Ra8 Kd3 58.Rd8+ Kc4 59.Rc8+ Kd5 60.Rd8+ Kc6 61.Rc8+ Kd5 62.Rd8+ Kc6 63.
Ra8 Kd5 1/2-1/2

[Event "Cto de Aragon  Equipos Cat Preferente"]
[Site "Aragon"]
[Date "2010.03.06"]
[Round "7.46"]
[White "Dominguez Bujeda Jesus"]
[Black "Juberias Segura Santiago"]
[Result "1/2-1/2"]
[WhiteElo "2111"]
[BlackElo "2111"]

1.d4 Nf6 2.c4 g6 3.Nc3 Bg7 4.e4 d6 5.f3 O-O 6.Bg5 c5 7.d5 e6 8.Qd2 exd5 9.cxd5
a6 10.a4 h6 11.Be3 Re8 12.Nge2 h5 13.Nd1 Nbd7 14.Nec3 Qa5 15.Ra3 Ne5 16.Be2
Qb4 17.O-O Nc4 18.Bxc4 Qxc4 19.Nf2 Bd7 20.Nd3 a5 21.b3 Qa6 22.Nb2 b5 23.axb5
Bxb5 24.Rfa1 Nd7 25.R1a2 Reb8 26.Ncd1 Qb7 27.Rxa5 Rxa5 28.Rxa5 Ne5 29.b4 c4
30.Nc3 Bd7 31.b5 Ra8 32.Rxa8+ Qxa8 33.b6 Qa1+ 34.Kf2 Nd3+ 35.Ke2 Bc8 36.Nbd1
Ba6 37.f4 f5 38.exf5 gxf5 39.Kf3 Bb7 40.Kg3 Bf6 41.h3 Kf7 42.Nb5 Ke7 43.Ndc3
Qh1 44.Qe2 h4+ 45.Kf3 Ne1+ 46.Kf2 Nd3+ 47.Kf3 Ne1+ 1/2-1/2

[Event "Cto de Aragon  Equipos Cat Preferente"]
[Site "Aragon"]
[Date "2010.03.06"]
[Round "7.47"]
[White "Gonzalvo Lara Victor"]
[Black "Martin Catalan Juan Vicente"]
[Result "1-0"]
[WhiteElo "2099"]
[BlackElo "2107"]

1.e4 c5 2.Nf3 Nc6 3.Bb5 g6 4.Bxc6 dxc6 5.d3 Bg7 6.O-O e5 7.Be3 Qe7 8.Qd2 Nf6
9.Qc3 Nd7 10.a4 a5 11.Nbd2 b6 12.Nc4 Ba6 13.Nxb6 Nxb6 14.Bxc5 Qc7 15.Qxa5 Nd5
16.Qxc7 Nxc7 17.Bd6 Ne6 18.Bxe5 f6 19.Bc3 Kf7 20.Nd4 Rac8 21.Nxe6 Kxe6 22.f4
Rhd8 23.Rae1 Rd7 24.f5+ Ke7 25.e5 fxe5 26.Bxe5 Bxe5 27.Rxe5+ Kd6 28.Re6+ Kd5
29.b4 gxf5 30.Rf6 Rb7 31.Rf4 Re7 32.c4+ Ke5 33.R6xf5+ Kd6 34.Rf6+ Kc7 35.b5
Bb7 36.Rf7 Rd7 37.Rxd7+ Kxd7 38.Rh4 Rh8 39.Rh6 c5 40.a5 Kd8 41.a6 Ba8 42.b6
Kc8 43.b7+ Bxb7 44.axb7+ Kxb7 45.Kf2 Rf8+ 46.Ke3 Re8+ 47.Kf4 Re7 48.g4 Kc7 49.
g5 Kd7 50.h4 Ke8 51.Rc6 Rd7 52.Ke4 Rd4+ 53.Ke3 Rxh4 54.Rxc5 h6 55.gxh6 Rxh6
56.Rc7 Kd8 57.Rg7 Rh4 58.Kd2 Kc8 59.Kc3 Rh3 60.c5 Rh4 61.d4 Rh1 62.Kc4 Rh2 63.
d5 Rh5 64.c6 Rh1 65.Kc5 Rh2 66.Rg8+ 1-0

[Event "Cto de Aragon  Equipos Cat Preferente"]
[Site "Aragon"]
[Date "2010.03.06"]
[Round "7.48"]
[White "Arpa Pardo Emilio"]
[Black "Solanas Godes Beatriz"]
[Result "1-0"]
[WhiteElo "2035"]
[BlackElo "1799"]

1.Nf3 Nc6 2.e4 e5 3.Bb5 a6 4.Ba4 Nf6 5.O-O b5 6.Bb3 Be7 7.Re1 d6 8.c3 Bg4 9.d3
O-O 10.Nbd2 h6 11.Nf1 a5 12.Ng3 a4 13.Bc2 Qd7 14.h3 Be6 15.d4 exd4 16.cxd4 Bc4
17.Bd2 d5 18.e5 Ne4 19.b3 Nxd2 20.Qxd2 Bb4 21.Qf4 Bxe1 22.Rxe1 axb3 23.axb3
Bxb3 24.Bxb3 Ra3 25.Bc2 Nb4 26.Bb1 Nd3 27.Bxd3 Rxd3 28.Nf5 Qe6 29.Qg4 g6 30.
Nxh6+ Kg7 31.Qxe6 fxe6 32.Ng4 b4 33.Ng5 Re8 34.Nf6 Re7 35.Nf3 Rc3 36.Rb1 b3
37.Kh2 c6 38.Ng4 Rb7 39.Ne3 b2 40.Nd1 Rc2 41.Ng5 Rd2 42.Nxe6+ Kg8 43.Ne3 Re2
44.Nc5 Rb4 45.Kg3 Re1 46.Rxe1 b1=Q 47.Rxb1 Rxb1 48.Nd3 Kf7 49.Kf3 Rb3 50.Ke2
Rb6 51.f4 Ra6 52.Ng4 Ra2+ 53.Kf3 Rd2 54.Ngf2 Rc2 55.g4 Ra2 56.f5 Ra3 57.Kf4
gxf5 58.gxf5 Ra4 59.e6+ Ke7 60.Ke5 Ra2 61.f6+ Kf8 62.Kd6 Re2 63.Ng4 Re4 64.e7+
Ke8 65.Nde5 Rf4 66.f7+ Rxf7 67.Nxf7 c5 68.Ke6 cxd4 69.Nd6# 1-0

[Event "Cto de Aragon  Equipos Cat Preferente"]
[Site "Aragon"]
[Date "2010.03.06"]
[Round "7.49"]
[White "Laliena Solares Luis M"]
[Black "Soriano Ascaso Ignacio"]
[Result "1-0"]
[WhiteElo "2234"]
[BlackElo "2160"]

1.d4 {299MB, Eco2008.ctg, ASUS X51R
} 1...d5 2.Bf4 Nc6 3.e3 Nf6 4.Nf3 Bg4 5.Be2 e6 6.Nbd2 Bd6 7.Bg3 Qe7 8.O-O O-O
9.Ne5 Bxe2 10.Qxe2 Bxe5 11.dxe5 Nd7 12.Nf3 Qb4 13.c3 Qg4 14.Qc2 Rfc8 15.Rfd1
Qh5 16.e4 Ncxe5 17.Nxe5 Nxe5 18.exd5 exd5 19.Qb3 Nc4 20.Qxb7 Rab8 21.Qc6 Rxb2
22.Rxd5 Qe2 23.Rd4 Rxa2 24.Rdd1 Rxa1 25.Rxa1 Qb2 26.Re1 Ne5 27.Bxe5 Qd2 28.Ra1
f6 29.Qe6+ 1-0

[Event "Cto de Aragon  Equipos Cat Preferente"]
[Site "Aragon"]
[Date "2010.03.06"]
[Round "7.50"]
[White "Guetas Sanchez Hugo"]
[Black "Latorre Abad Fernando"]
[Result "1/2-1/2"]
[WhiteElo "2159"]
[BlackElo "2067"]

1.e4 c5 2.Nc3 Nc6 3.g3 g6 4.Bg2 Bg7 5.d3 d6 6.Be3 b6 7.Qd2 Bb7 8.Nge2 Qd7 9.h4
Nd4 10.Nd1 e6 11.c3 Nxe2 12.Qxe2 Nf6 13.O-O O-O 14.f4 Nh5 15.Kh2 f5 16.Nf2
Rae8 17.d4 cxd4 18.cxd4 e5 19.dxe5 dxe5 20.Rad1 Qe7 21.Qc4+ Kh8 22.exf5 Bxg2
23.Kxg2 exf4 24.Bxf4 Nxf4+ 25.Qxf4 Rxf5 26.Qd2 Qb7+ 27.Kh2 Ref8 28.Qe2 Qf7 29.
Kg2 Qxa2 30.Nd3 Qd5+ 31.Kh2 Rxf1 32.Rxf1 Rxf1 33.Qxf1 a5 34.Qf4 h6 35.Qe3 Qd4
36.Qe2 Kh7 37.Kh3 h5 38.b3 Qc3 39.Qd1 Qa1 40.Qf3 Qf6 41.Nf4 Qf5+ 42.Kh2 b5 43.
Qc6 Kh6 44.Nh3 Bd4 45.Qc1+ Kg7 46.Qc7+ Qf7 47.Qd6 Bf6 48.Nf4 Kh7 49.Qc5 Qxb3
50.Qc7+ Kh6 51.Qxa5 Qd1 52.Qxb5 Qd2+ 53.Kh3 Qe1 54.Qc6 Qe5 55.Qc2 Qf5+ 56.Qxf5
gxf5 57.Kg2 Be5 58.Kf3 Bd4 59.Nd5 Kg6 60.Kf4 Bf2 61.Ne7+ Kf6 62.Nxf5 Kg6 63.
Ne7+ Kf6 64.Nd5+ Kg6 65.Nc3 Be1 66.Ne2 Kf6 67.Ke4 Kg6 68.Ke5 Bf2 69.Ke6 Be1
70.Ke5 Bf2 71.Kf4 Kf6 72.Nc3 Be1 73.Ne2 Bf2 1/2-1/2

[Event "Cto de Aragon  Equipos Cat Preferente"]
[Site "Aragon"]
[Date "2010.03.06"]
[Round "7.51"]
[White "Cobo Garrido Diego Israel"]
[Black "Escuer Sanchez Nestor"]
[Result "1-0"]
[WhiteElo "2014"]
[BlackElo "2094"]

1.d4 e6 2.e4 d5 3.exd5 exd5 4.c4 Nc6 5.Nf3 Bb4+ 6.Nc3 Bg4 7.Be3 Nf6 8.Be2 O-O
9.O-O h6 10.c5 Bxc3 11.bxc3 Ne4 12.Qc1 f5 13.c4 Ne7 14.Re1 Ng6 15.cxd5 f4 16.
Bd2 Nxd2 17.Qxd2 Qxd5 18.Qc2 Qc6 19.Bc4+ Kh8 20.Ne5 Nxe5 21.Rxe5 Rae8 22.Rae1
Rxe5 23.Rxe5 Qf6 24.f3 Bf5 25.Bd3 Bxd3 26.Qxd3 b6 27.Qe4 bxc5 28.dxc5 Qd8 29.
Qd5 Qb8 30.h3 Rd8 31.Qe4 Rf8 32.Re7 Qb2 33.Rxc7 Qxa2 34.Qe7 Rg8 35.Rxa7 Qb1+
36.Kh2 Qg6 37.Rd7 Qg3+ 38.Kg1 Kh7 39.Qe4+ Kh8 40.c6 Qg5 41.c7 Qa5 42.Qe7 Qa1+
43.Kh2 Kh7 44.Rd8 1-0

[Event "Cto de Aragon  Equipos Cat Preferente"]
[Site "Aragon"]
[Date "2010.03.06"]
[Round "7.52"]
[White "Andreu Sin Raul"]
[Black "Vasilev Vas"]
[Result "1-0"]
[WhiteElo "2053"]
[BlackElo "1933"]

1.d4 g6 2.c4 Bg7 3.Nc3 c5 4.e3 d6 5.Nf3 Bg4 6.Be2 Nc6 7.d5 Bxc3+ 8.bxc3 Bxf3
9.Bxf3 Ne5 10.Be2 Qa5 11.Bd2 Nf6 12.f4 Ned7 13.Qc2 O-O 14.O-O b5 15.cxb5 c4
16.Bxc4 Rac8 17.Be2 Nxd5 18.c4 Qb6 19.Qe4 N5f6 20.Qf3 Nc5 21.h4 Nce4 22.Bc1 h5
23.f5 Qc5 24.Qh3 Qe5 25.Rb1 Qg3 26.fxg6 Qxh3 27.gxf7+ Rxf7 28.gxh3 Rg7+ 29.Kh2
Nc3 30.Rb2 Nxe2 31.Rxe2 Rxc4 32.Bb2 Rb4 33.Bxf6 exf6 34.Rxf6 {Tiempo} 1-0

[Event "Cto de Aragon  Equipos Cat Preferente"]
[Site "Aragon"]
[Date "2010.03.06"]
[Round "7.53"]
[White "Horton Justin"]
[Black "Ansola Marquinez Alberto"]
[Result "1/2-1/2"]
[WhiteElo "2106"]
[BlackElo "2147"]

1.d4 e6 2.c4 f5 3.g3 Nf6 4.Bg2 Be7 5.Nf3 O-O 6.O-O d5 7.b3 c6 8.Ba3 Nbd7 9.
Bxe7 Qxe7 10.Qc2 Ne4 11.Nc3 b6 12.Ne5 Nxe5 13.dxe5 Bb7 14.Rac1 Rfd8 15.Rfd1
Rac8 16.e3 g6 17.Qb2 Qg7 18.f4 Qe7 19.Nxe4 dxe4 20.Qc2 Qc5 21.Kf2 Kf7 22.Rxd8
Rxd8 23.Rd1 Qe7 24.Ke2 1/2-1/2

[Event "Cto de Aragon  Equipos Cat Preferente"]
[Site "Aragon"]
[Date "2010.03.06"]
[Round "7.54"]
[White "Garcia Asenjo Antonio"]
[Black "Abos Rosico Antonio"]
[Result "0-1"]
[WhiteElo "2023"]
[BlackElo "2047"]

1.e4 d6 2.d4 Nf6 3.Nc3 g6 4.f3 c6 5.Be3 b5 6.Qd2 Nbd7 7.Nh3 b4 8.Ne2 Rb8 9.Ng3
Qb6 10.Bc4 Ba6 11.Bxa6 Qxa6 12.Ne2 Bg7 13.O-O O-O 14.a3 b3 15.Nc1 bxc2 16.Qxc2
c5 17.Nd3 cxd4 18.Bxd4 Rfc8 19.Qd2 Nxe4 20.Qe3 Bxd4 21.Qxd4 Nd2 22.Nc5 Nxc5
23.Qxd2 Qb6 24.Qh6 Ne6+ 25.Kh1 Qxb2 26.f4 Rc2 27.Ng5 Nxg5 28.Qxg5 Rf2 29.Qxe7
Rxg2 30.Qh4 Qb7 0-1

[Event "Cto de Aragon  Equipos Cat Preferente"]
[Site "Aragon"]
[Date "2010.03.06"]
[Round "7.55"]
[White "Perez Puyal Jose Joaquin"]
[Black "Argueso Pascual Jorge"]
[Result "1-0"]
[WhiteElo "1909"]
[BlackElo "1997"]

1.e4 c6 2.d4 d5 3.e5 Bf5 4.h4 h5 5.Be2 g6 6.Bf3 Nh6 7.Ne2 e6 8.Ng3 Bg4 9.Bxg4
Nxg4 10.Ne2 c5 11.c3 Nc6 12.Qb3 Qc7 13.f3 Nh6 14.Bxh6 Bxh6 15.Na3 a6 16.Nc2 c4
17.Qa3 Bf8 18.b4 cxb3 19.Qxb3 Na5 20.Qb1 Nc4 21.Qd1 Bh6 22.f4 O-O-O 23.O-O Qe7
24.g3 f6 25.Qd3 Rhg8 26.Ne3 Nxe3 27.Qxe3 fxe5 28.Qxe5 Qd6 29.Qe3 Rd7 30.Rfe1
Rc7 31.Rac1 Rc4 32.Rc2 Bg7 33.Kh1 b5 34.Qd3 Bf6 35.Nc1 Bd8 36.Nb3 Bb6 37.Nd2
Rc6 38.Nf3 Rc7 39.a4 b4 40.Qxa6+ Kd7 41.a5 b3 42.Qb5+ Ke7 43.axb6 bxc2 44.bxc7
Qxc7 45.Qd3 Rc8 46.Qxc2 Qxc3 47.Qxc3 Rxc3 48.Kg2 Kf6 49.Ng5 Rc6 50.Kf3 Kf5 51.
Nh7 Rc3+ 52.Re3 1-0

[Event "Cto de Aragon  Equipos Cat Preferente"]
[Site "Aragon"]
[Date "2010.03.06"]
[Round "7.56"]
[White "Ruiz Gutierrez Jose Manuel"]
[Black "Yanez Acin Gonzalo"]
[Result "0-1"]
[WhiteElo "1899"]
[BlackElo "1895"]

1.c4 Nf6 2.Nc3 c6 3.Nf3 d5 4.cxd5 cxd5 5.g3 Nc6 6.Bg2 e5 7.d3 Be7 8.O-O O-O 9.
h3 h6 10.a3 Be6 11.b4 a6 12.Bb2 Qd7 13.Na4 Qc7 14.Rc1 d4 15.Nc5 Bxc5 16.Rxc5
Nd7 17.Rc1 Qd6 18.Nd2 Bd5 19.Ne4 Qe7 20.e3 f5 21.Nc5 Bxg2 22.Kxg2 Nxc5 23.Rxc5
Rac8 24.Qc2 f4 25.exd4 fxg3 26.d5 Qf7 27.f3 Ne7 28.Bxe5 Nxd5 29.Qd2 Rcd8 30.d4
Nf4+ 31.Bxf4 Qxf4 32.Qxf4 Rxf4 33.Rc7 Rfxd4 34.Rxb7 Rd2+ 35.Kxg3 Ra2 36.Re1
Rxa3 37.Ree7 Rdd3 38.Rxg7+ Kh8 39.Rgf7 Kg8 40.h4 h5 41.Rg7+ Kh8 42.Rge7 Rxf3+
43.Kg2 Rg3+ 44.Kf2 Raf3+ 45.Ke2 Rf8 46.Rh7+ Kg8 47.Rxh5 Rb3 48.Kd2 Rf2+ 49.Ke1
Rh2 50.Rg5+ Kf8 51.Rb8+ Ke7 52.Rd5 Rb1+ 53.Rd1 Rh1+ 0-1

[Event "Cto de Aragon  Equipos Cat Preferente"]
[Site "Aragon"]
[Date "2010.03.06"]
[Round "7.57"]
[White "Salamero Pelay Fernando"]
[Black "Neila Castillo Miguel Angel"]
[Result "1-0"]
[WhiteElo "2131"]
[BlackElo "2079"]

1.e4 d5 2.exd5 Qxd5 3.Nc3 Qa5 4.d4 c6 5.Nf3 Nf6 6.Bd2 Bf5 7.Ne4 Qc7 8.Nxf6+
gxf6 9.g3 Nd7 10.Bg2 e6 11.O-O O-O-O 12.b4 Nb6 13.a4 Bg4 14.Qe2 Rxd4 15.a5 Nd7
16.Be3 Rxb4 17.Bxa7 Bc5 18.Bxc5 Nxc5 19.Qe3 Bxf3 20.Qxf3 f5 21.Qc3 e5 22.Qxb4
1-0

[Event "Cto de Aragon  Equipos Cat Preferente"]
[Site "Aragon"]
[Date "2010.03.06"]
[Round "7.58"]
[White "Azaiez F"]
[Black "Gella Bitrian Diego"]
[Result "1-0"]
[WhiteElo "2014"]
[BlackElo "1950"]

1.e4 c5 2.Nf3 d6 3.d4 Nf6 4.Nc3 cxd4 5.Nxd4 a6 6.Bg5 e6 7.f4 Qc7 8.Qf3 b5 9.
Bxf6 gxf6 10.Bd3 b4 11.Nce2 Nd7 12.O-O Be7 13.Kh1 Bb7 14.Qh5 Nc5 15.a3 e5 16.
fxe5 dxe5 17.Nf5 bxa3 18.Ng7+ Kd7 19.Rxa3 Raf8 20.b4 Ne6 21.Rc3 Qb6 22.Rd1 Bd6
23.Nf5 Qxb4 24.Rb3 Qc5 25.Rxb7+ Kc6 26.Nxd6 Kxd6 27.Bb5+ Nd4 28.Qf5 Qxc2 29.
Rxd4+ 1-0

[Event "Cto de Aragon  Equipos Cat Preferente"]
[Site "Aragon"]
[Date "2010.03.06"]
[Round "7.59"]
[White "Biarge Carnicer Arturo"]
[Black "Garcia Valer Jesus V"]
[Result "0-1"]
[WhiteElo "1899"]
[BlackElo "1828"]

1.e4 e5 2.Bc4 Nf6 3.d3 c6 4.Nc3 d6 5.f4 Be7 6.Qf3 b5 7.Bb3 a5 8.a3 exf4 9.Bxf4
Be6 10.Bxe6 fxe6 11.e5 dxe5 12.Bxe5 O-O 13.Bxb8 Rxb8 14.Qxc6 Rb6 15.Qf3 Nd5
16.Qe4 Nxc3 17.bxc3 Bh4+ 18.g3 Qf6 19.Ne2 Qf2+ 20.Kd1 Bg5 21.Re1 Be3 22.d4 e5
23.Qd5+ Kh8 0-1

[Event "Cto de Aragon  Equipos Cat Preferente"]
[Site "Aragon"]
[Date "2010.03.06"]
[Round "7.60"]
[White "Santos Morales Marco Antonio"]
[Black "Bellosta Lopez Pablo"]
[Result "1/2-1/2"]
[WhiteElo "1777"]
[BlackElo "1892"]

1.d4 d5 2.c4 e6 3.Nf3 c6 4.Qc2 Nf6 5.g3 dxc4 6.Qxc4 b5 7.Qc2 Bb7 8.Bg2 Nbd7 9.
O-O c5 10.e3 Rc8 11.Qe2 Qb6 12.Nbd2 Be7 13.Rd1 O-O 14.dxc5 Nxc5 15.Nd4 Bxg2
16.Kxg2 a6 17.N2b3 Rfd8 18.Bd2 Nxb3 19.Nxb3 Qb7+ 20.Qf3 Qxf3+ 21.Kxf3 b4 22.
Rac1 Rxc1 23.Rxc1 Nd7 24.Ke2 Ne5 25.Nd4 Bf8 26.f4 Ng6 27.Nc6 Rc8 28.e4 f5 29.
e5 Kf7 30.Rc2 Ne7 31.Nxb4 Rxc2 32.Nxc2 Nd5 33.Ne3 Nxe3 34.Bxe3 Ke8 35.Kd3 Kd7
36.Kc4 Kc6 37.b4 Be7 38.a4 g6 39.Bd2 Bd8 40.b5+ axb5+ 41.axb5+ Kb7 42.Kc5 Be7+
43.Kc4 Bd8 44.Bb4 Bb6 45.Bc5 Ba5 46.Bd4 Bd8 47.Kb4 Be7+ 48.Ka5 h6 49.h4 h5 50.
b6 Ba3 51.Kb5 Bc1 52.Kc5 Ba3+ 53.Kb5 Bc1 54.Bf2 Bb2 55.Be3 Ba3 56.Bd4 Bc1 57.
Bf2 1/2-1/2

[Event "Cto de Aragon  Equipos Cat Preferente"]
[Site "Aragon"]
[Date "2010.03.06"]
[Round "7.61"]
[White "Garcia Lopez Alberto Jose"]
[Black "Lahoz Gimeno Mauel"]
[Result "1-0"]
[WhiteElo "1971"]
[BlackElo "2002"]

1.Nf3 d5 2.g3 c5 3.Bg2 Nc6 4.d3 Nf6 5.O-O e5 6.c3 Bd6 7.Nbd2 O-O 8.e4 d4 9.Nc4
Bc7 10.h3 b5 11.Na3 a6 12.Qc2 Bb7 13.g4 Qd6 14.Nh4 g6 15.f4 Rad8 16.c4 b4 17.
Nb1 Qe7 18.Qf2 exf4 19.Bxf4 Bxf4 20.Qxf4 Nxe4 21.Nxg6 fxg6 22.Qxe4 Rxf1+ 23.
Kxf1 Rf8+ 24.Kg1 Qf6 25.Qe2 Nd8 26.Bxb7 Nxb7 27.Nd2 Qf4 28.Ne4 Nd6 29.Nxd6
Qg3+ 30.Qg2 Qxd6 31.Re1 Kg7 32.b3 Rf7 33.h4 Qf4 34.h5 Qf3 35.hxg6 hxg6 36.Rf1
Qxf1+ 37.Qxf1 Rxf1+ 38.Kxf1 Kf6 39.Kf2 Kg5 40.Kg3 a5 41.Kf3 Kh4 42.Kf4 Kh3 43.
Ke4 Kxg4 44.Kd5 Kf4 45.Kxc5 g5 46.Kb5 g4 47.c5 g3 48.c6 g2 49.c7 g1=Q 50.c8=Q
Qg5+ 51.Qc5 Qd8 52.Kc4 Qg8+ 53.Kxd4 Qg7+ 54.Kc4 Qf7+ 55.Kb5 Qd7+ 56.Kxa5 Qd8+
57.Kxb4 Qb8+ 58.Kc4 Qg8+ 59.Kc3 1-0

[Event "Cto de Aragon  Equipos Cat Preferente"]
[Site "Aragon"]
[Date "2010.03.06"]
[Round "7.62"]
[White "Cebollada Pacheco Jesus Raul"]
[Black "Minguez Guinda Andres"]
[Result "1-0"]
[WhiteElo "1989"]
[BlackElo "1896"]

1.e4 c5 2.Nf3 d6 3.d4 cxd4 4.Nxd4 Nf6 5.Nc3 Nc6 6.f3 e5 7.Nb3 Be6 8.Be3 Be7 9.
Qd2 a6 10.O-O-O Na5 11.Nd5 Nxb3+ 12.axb3 Bxd5 13.exd5 O-O 14.g4 a5 15.Bb5 Nd7
16.Kb1 Qc7 17.h4 Nc5 18.g5 f5 19.Rhg1 f4 20.Bxc5 Qxc5 21.Bd3 Qe3 22.Qg2 a4 23.
Qg4 g6 24.Rge1 Qc5 25.Qe6+ Rf7 26.h5 Qc8 27.hxg6 hxg6 28.Bxg6 Qxe6 29.dxe6
Rff8 30.Bf7+ Kg7 31.b4 b5 32.Rh1 Rh8 33.Bh5 Rh7 34.Bg4 Rxh1 35.Rxh1 Bxg5 36.
Rd1 Be7 37.Rd5 Rb8 38.Kc1 Kf6 39.Kd2 Kg5 40.Kd3 Rb7 41.Ke4 Rb8 42.Bh3 Kf6 43.
c3 Rh8 44.Bg4 Rb8 45.Kd3 Kg5 46.c4 bxc4+ 47.Kxc4 Rc8+ 48.Kb5 Rc2 49.Kxa4 Rg2
50.b5 Rxg4 51.fxg4 f3 52.b6 f2 53.Rd1 e4 54.b7 e3 55.b8=Q e2 56.Qb5+ 1-0

[Event "Cto de Aragon  Equipos Cat Preferente"]
[Site "Aragon"]
[Date "2010.03.06"]
[Round "7.63"]
[White "Buil Montanes Carlos"]
[Black "Garcia Andres Daniel"]
[Result "1-0"]
[WhiteElo "1895"]
[BlackElo "1980"]

1.d4 c5 2.d5 e5 3.e4 d6 4.Nc3 g6 5.Nf3 Bg7 6.Be2 a6 7.a4 b6 8.O-O Nf6 9.Nd2
Nbd7 10.Nc4 Qc7 11.Bg5 h6 12.Be3 O-O 13.Qd2 Kh7 14.Rfb1 Rb8 15.f3 h5 16.Bf1
Rh8 17.Ne2 Nf8 18.Nc1 Ng8 19.Nd3 f5 20.Bf2 Nf6 21.Qe1 Kg8 22.b4 N8d7 23.bxc5
Nxc5 24.Nxc5 bxc5 25.Rxb8 Qxb8 26.Rb1 Qc7 27.Nb6 Bb7 28.Bh4 a5 29.Nc4 Ba6 30.
Bxf6 Bxf6 31.Qxa5 Qxa5 32.Nxa5 Bxf1 33.Kxf1 Kh7 34.Nc4 Ra8 35.Rb7+ Kh6 36.a5
fxe4 37.fxe4 Kg5 38.Ke2 Bd8 39.Rb5 Ra6 40.Kf3 Bc7 41.Kg3 h4+ 42.Kf3 Ra8 43.Rb7
Bxa5 44.Nxd6 Bc3 45.Nf7+ Kf6 46.Nd6 Bd4 47.Kg4 g5 48.Rf7+ Kg6 49.Rf5 Be3 50.
Rxe5 Rf8 51.Re6+ Kh7 52.Nf5 Bg1 53.Re7+ Kg6 54.Rg7+ Kf6 55.h3 Ke5 56.Re7+ Kf6
57.Re6+ Kf7 58.Rc6 Rd8 59.Nd6+ Ke7 60.Nc4 Bh2 61.Rxc5 Rf8 62.d6+ Kd8 63.Rf5
Re8 64.e5 Kd7 65.Rf7+ Ke6 66.Re7+ Rxe7 67.dxe7 Kxe7 68.Kxg5 Bg3 69.Kf5 Be1 70.
Ne3 Bd2 71.Nd5+ Ke8 72.e6 Ba5 73.c4 1-0

[Event "Cto de Aragon  Equipos Cat Preferente"]
[Site "Aragon"]
[Date "2010.03.06"]
[Round "7.64"]
[White "Alvarez Gonzalo Miguel Angel"]
[Black "Lencina Orodea Javier"]
[Result "1-0"]
[WhiteElo "1925"]
[BlackElo "1781"]

1.c4 Nf6 2.g3 g6 3.Bg2 Bg7 4.Nc3 O-O 5.d4 c6 6.e4 d5 7.cxd5 cxd5 8.e5 Nfd7 9.
Nxd5 e6 10.Nc3 Qb6 11.Nge2 Rd8 12.Qb3 Qxb3 13.axb3 Nb6 14.Nb5 Na6 15.Nd6 Rd7
16.Rxa6 1-0

[Event "Cto de Aragon  Equipos Cat Preferente"]
[Site "Aragon"]
[Date "2010.03.13"]
[Round "8.1"]
[White "Adla Diego Gustavo"]
[Black "Garcia Ramon Ricardo"]
[Result "1-0"]
[WhiteElo "2506"]
[BlackElo "2084"]

1.d4 d5 2.c4 c6 3.Nf3 Nf6 4.e3 Bg4 5.Nc3 e6 6.h3 Bxf3 7.Qxf3 Be7 8.Bd3 Nbd7 9.
O-O O-O 10.Rd1 Qc7 11.Bd2 Rad8 12.Rac1 Qb8 13.Qe2 e5 14.cxd5 cxd5 15.dxe5 Nxe5
16.Nb5 Nxd3 17.Qxd3 a6 18.Nd4 Ne4 19.Rc2 Qe5 20.Nf3 Qd6 21.Bc3 Nxc3 22.Qxc3
Bf6 23.Qc7 Qb4 24.b3 h6 25.Qc5 Qe4 26.Rcd2 Be7 27.Qc7 b5 28.Qb7 Rd6 29.Rd4 Qe6
30.Rc1 Rd7 31.Qc6 Rd6 32.Qc2 Rfd8 33.Rdd1 Bf6 34.Nd4 Bxd4 35.Rxd4 Qe5 36.Qd3
Qe6 37.Rc5 g6 38.h4 h5 39.g3 R8d7 40.Rc8+ Kg7 41.Qc3 f6 42.Rc7 Rxc7 43.Qxc7+
Rd7 44.Qc8 f5 45.a4 bxa4 46.bxa4 Kh7 47.Rb4 Qe7 48.Rb8 Qg7 49.Qxa6 d4 50.exd4
Qxd4 51.Rb7 Qd1+ 52.Kh2 Rxb7 53.Qxb7+ Kh6 54.Qb4 Qe2 55.Kg2 Qd3 56.a5 Qd5+ 57.
Kh2 Qa2 58.Kg1 Qe2 59.Qa3 Qe1+ 60.Kg2 Qe4+ 61.Qf3 Qb1 1-0

[Event "Cto de Aragon  Equipos Cat Preferente"]
[Site "Aragon"]
[Date "2010.03.13"]
[Round "8.2"]
[White "Jimenez Fernandez Alejandro"]
[Black "Lopez Gracia Fernando"]
[Result "0-1"]
[WhiteElo "2003"]
[BlackElo "2303"]

1.d4 Nf6 2.c4 g6 3.Nc3 Bg7 4.e4 d6 5.Nf3 O-O 6.Be2 e5 7.Be3 Ng4 8.Bg5 f6 9.Bh4
g5 10.Bg3 Nh6 11.d5 Nd7 12.h4 g4 13.Nh2 f5 14.exf5 Nc5 15.Nxg4 Nxf5 16.Ne3
Nxg3 17.fxg3 Bh6 18.Qd2 Qf6 19.Rf1 Qg6 20.Rxf8+ Kxf8 21.Kf2 Bd7 22.g4 Qf6+ 23.
Kg1 Qxh4 24.Bf3 Bf4 25.Rd1 Kg8 26.b4 e4 27.bxc5 exf3 28.gxf3 Qg3+ 0-1

[Event "Cto de Aragon  Equipos Cat Preferente"]
[Site "Aragon"]
[Date "2010.03.13"]
[Round "8.3"]
[White "Moreno Gracia Daniel"]
[Black "Castillo Sanjuan Alejandro"]
[Result "1-0"]
[WhiteElo "2246"]
[BlackElo "1967"]

1.Nf3 d6 2.d4 Nf6 3.b3 g6 4.Bb2 Bg7 5.g3 Bg4 6.Bg2 Qc8 7.h3 Bd7 8.c4 O-O 9.Nc3
Re8 10.e4 e5 11.d5 a5 12.g4 Na6 13.O-O h5 14.g5 Nh7 15.Kh2 Qd8 16.Bc1 f6 17.
gxf6 Bxf6 18.Be3 Kh8 19.Ne1 Qe7 20.Nd3 Rg8 21.Rc1 Nb4 22.a3 Nxd3 23.Qxd3 g5
24.Nb5 g4 25.Bd2 gxh3 26.Bh1 Raf8 27.Nxc7 Bg5 28.Bxg5 Qxg5 29.Qe3 Qh4 30.Ne6
Bxe6 31.dxe6 Rf4 32.Rc2 Rgf8 33.Qg3 Qxg3+ 34.Kxg3 Rg4+ 35.Kh2 Ng5 36.Rd2 Nxe6
37.Rxd6 Nf4 38.Bf3 Rg5 39.Rg1 Rxg1 40.Kxg1 Kg7 41.Rb6 Rf7 42.Rb5 Nd3 43.Be2
h2+ 44.Kh1 Nxf2+ 45.Kxh2 Nxe4 46.Bxh5 Re7 47.Bf3 Nd6 48.Rb6 Rd7 49.Kg3 Kf7 50.
c5 Nf5+ 51.Kg4 Nd4 52.Bxb7 Rc7 53.b4 axb4 54.axb4 Ke7 55.Bd5 Kd7 56.Kg5 Nc2
57.Kf5 Nxb4 58.Rxb4 Rxc5 59.Kxe5 Rc1 60.Rb7+ Ke8 61.Bf7+ Kd8 62.Kd6 Rd1+ 63.
Bd5 Rc1 64.Rg7 Re1 65.Rd7+ Ke8 66.Rh7 Kd8 67.Ra7 Rc1 68.Ra4 Rc2 69.Ra8+ Rc8
70.Ra1 Rc2 71.Rh1 Re2 72.Rh7 Re1 73.Rd7+ Ke8 74.Rb7 Kf8 75.Be6 Rd1+ 76.Ke5
Re1+ 77.Kf6 Rf1+ 78.Bf5 Re1 79.Bg6 Rf1+ 80.Kg5 Rg1+ 81.Kh6 Rf1 82.Rh7 Rh1+ 83.
Bh5 Rf1 84.Ra7 Rf6+ 85.Bg6 Rf1 86.Kg5 Rg1+ 87.Kf6 Rf1+ 88.Bf5 Re1 89.Rh7 Rg1
90.Rf7+ Ke8 91.Rh7 Kf8 92.Rf7+ Ke8 93.Rd7 Rf1 94.Rd2 Re1 95.Bg6+ 1-0

[Event "Cto de Aragon  Equipos Cat Preferente"]
[Site "Aragon"]
[Date "2010.03.13"]
[Round "8.4"]
[White "Garcia Monterde Francisco Jose"]
[Black "Labena Bernal Antonio"]
[Result "0-1"]
[WhiteElo "1946"]
[BlackElo "2068"]

1.c4 e6 2.g3 d5 3.d4 c6 4.Bg2 Nf6 5.Nf3 Bd6 6.O-O Nbd7 7.Nc3 dxc4 8.e4 e5 9.d5
cxd5 10.exd5 O-O 11.Qe2 Nb6 12.Bg5 Bf5 13.Rfe1 Re8 14.Bxf6 Qxf6 15.Ne4 Bxe4
16.Qxe4 Qg6 17.Qxg6 hxg6 18.Nd2 Bb4 19.Re2 Red8 20.Rc1 Rac8 21.Nxc4 Nxc4 22.
Re4 b5 23.a4 f5 24.Re2 Nd2 25.Rd1 e4 26.Rexd2 Bxd2 27.Rxd2 Rc5 28.d6 Rc6 29.
axb5 Rcxd6 30.Rxd6 Rxd6 31.Bf1 Rd2 32.b3 Kf7 33.h4 Kf6 34.Bc4 g5 35.hxg5+ Kxg5
36.Kf1 Kf6 37.Ke1 Rb2 38.Kf1 Ke5 39.Ke1 g5 40.Kf1 f4 41.gxf4+ gxf4 42.Bf7 Kd4
43.Bc4 e3 44.Be2 f3 0-1

[Event "Cto de Aragon  Equipos Cat Preferente"]
[Site "Aragon"]
[Date "2010.03.13"]
[Round "8.6"]
[White "Fontana Sotomayour Luis Javier"]
[Black "Valles Mata David"]
[Result "1-0"]
[WhiteElo "2353"]
[BlackElo "2150"]

1.e4 c5 2.Nc3 Nc6 3.g3 g6 4.Bg2 Bg7 5.d3 d6 6.f4 e6 7.Nf3 Nge7 8.O-O O-O 9.Be3
b6 10.d4 Ba6 11.Re1 Qc7 12.Qd2 Na5 13.Rad1 Nc4 14.Qc1 Nxe3 15.Qxe3 Rad8 16.Rd2
d5 17.e5 Nf5 18.Qf2 Rc8 19.Nd1 Nxd4 20.Nxd4 cxd4 21.Qxd4 Qc5 22.c3 Qxd4+ 23.
Rxd4 Rc4 24.Rd2 Rc7 25.Ne3 Rfc8 26.Nc2 Bf8 27.Nd4 Bc5 28.Kf2 Kf8 29.g4 Bxd4+
30.Rxd4 Rc4 31.Red1 Rxd4 32.Rxd4 Rc4 33.Rxc4 Bxc4 34.b3 Bd3 35.Ke3 Bb1 36.a3
Bc2 37.b4 Ke7 38.Bf3 Kd7 39.Kd4 Kc7 40.Be2 Kc6 41.c4 dxc4 42.Bxc4 Bd1 43.h3
Bc2 44.Be2 Bb1 45.Bf3+ Kd7 46.Bd1 Ba2 47.Ba4+ Kd8 48.Bc6 Bb3 49.a4 Bd1 50.a5
Be2 51.axb6 axb6 52.Ke3 Bf1 53.h4 Bh3 54.Bf3 Bf1 55.Ke4 Bb5 56.Ke3 Bf1 57.Be4
Bh3 58.Kf3 Bf1 59.h5 Ke7 60.h6 Bb5 61.f5 Be8 62.Kf4 Kf8 63.Kg5 exf5 64.gxf5
Bd7 65.fxg6 fxg6 66.Kf6 Be8 67.e6 Kg8 68.e7 Kh8 69.Bd5 1-0

[Event "Cto de Aragon  Equipos Cat Preferente"]
[Site "Aragon"]
[Date "2010.03.13"]
[Round "8.7"]
[White "Solano Lasierra Javier"]
[Black "Ramiro Ovejero Juan Luis"]
[Result "1/2-1/2"]
[WhiteElo "2142"]
[BlackElo "2346"]

1.d4 Nf6 2.c4 c5 3.d5 b5 4.cxb5 a6 5.bxa6 Bxa6 6.Nc3 g6 7.g3 d6 8.Bg2 Bg7 9.
Qc2 Nbd7 10.Rb1 Nb6 11.b3 O-O 12.Nh3 Bb7 13.e4 Ba6 14.Bf1 Qc8 15.Nf4 Bxf1 16.
Kxf1 e6 17.Kg2 exd5 18.Nfxd5 Nfxd5 19.Nxd5 Nxd5 20.exd5 Qb7 21.Rd1 Bd4 22.Qc4
Rxa2 23.Rxd4 cxd4 24.Qxd4 Re8 25.Bh6 Re5 26.Re1 f6 27.Rxe5 fxe5 28.Qg4 Qxd5+
29.Kh3 Ra8 30.Qd7 Qf7 31.Qxd6 Re8 32.Kg2 Qxb3 33.Qd7 Qf7 34.Qc6 e4 35.Qc3 Qe7
36.Qc4+ Qe6 37.Qd4 Qe5 38.Qd7 Re7 39.Qd8+ Kf7 40.h4 Qf5 41.Qf8+ Ke6 42.Qc8+
Rd7 43.Qg8+ Qf7 44.Qc8 Kf5 45.Kh3 Qd5 46.Be3 h5 47.Kg2 Kg4 48.Qa6 Qf5 49.Bf4
Rd3 50.Qxd3 Qxf4 51.Qd7+ Qf5 52.Qd4 Qf3+ 53.Kh2 Kf5 54.Qd5+ Kf6 55.Qd6+ Kf5
56.Qd5+ Kf6 57.Qd6+ 1/2-1/2